000 00653nam a22002417a 4500
003 UA-OsUOA
001 70828
007 ta
008 20100920b un ||||| |||| 00| 0 ukr d
100 _aНикольский Н. М.
090 _a27(091)(470+571)
_bН64
942 _cBK
040 _aUA-OsUOA
_brus
_cUA-OsUOA
_dUA-OsUOA
245 _aИстория русской церкви
300 _a448 с.
955 _a2
041 _arus
080 _a27(091)(470+571)
260 _aМ.
_c1985
250 _nИзд. третье
650 7 _a27 Загальна історія Християнської церкви
_2UDC
999 _c357095
_d357095